América Latina y el Caribe : (Registro nro. 11713)

Detalles MARC
000 -LEADER
fixed length control field 00951nam a2200253Ia 4500
003 - CONTROL NUMBER IDENTIFIER
control field OSt
005 - DATE AND TIME OF LATEST TRANSACTION
control field 20210513121727.0
008 - FIXED-LENGTH DATA ELEMENTS--GENERAL INFORMATION
fixed length control field 210310s1995 cl ad gr 000 0 spa d
020 ## - INTERNATIONAL STANDARD BOOK NUMBER
International Standard Book Number 9213214146
040 ## - CATALOGING SOURCE
Original cataloging agency CO-JMCR
Transcribing agency CO-JMCR
041 0# - LANGUAGE CODE
Language code of text/sound track or separate title spa
082 04 - DEWEY DECIMAL CLASSIFICATION NUMBER
Classification number 330.98048 /
Item number N124a
Edition number 23
110 2# - MAIN ENTRY--CORPORATE NAME
Corporate name or jurisdiction name as entry element Naciones Unidas
9 (RLIN) 37599
245 10 - TITLE STATEMENT
Title América Latina y el Caribe :
Remainder of title políticas para mejorar la inserción en la economía mundial /
260 ## - PUBLICATION, DISTRIBUTION, ETC.
Place of publication, distribution, etc. Santiago de Chile :
Name of publisher, distributor, etc. Cepal,
Date of publication, distribution, etc. 1995.
300 ## - PHYSICAL DESCRIPTION
Extent 314 páginas :
Other physical details ilustraciones y gráficas en blanco y negro ;
Dimensions 27 cm.
501 ## - WITH NOTE
With note Con: notas a pie de página.
504 ## - BIBLIOGRAPHY, ETC. NOTE
Bibliography, etc. note bibliografía: páginas 299-314.
505 0# - FORMATTED CONTENTS NOTE
Formatted contents note Política comercial. -- Políticas de desarrollo económico.
650 14 - SUBJECT ADDED ENTRY--TOPICAL TERM
Topical term or geographic name entry element Política económica
Geographic subdivision América Latina y del Caribe.
9 (RLIN) 37608
650 24 - SUBJECT ADDED ENTRY--TOPICAL TERM
Topical term or geographic name entry element Economía mundial
9 (RLIN) 37247
650 24 - SUBJECT ADDED ENTRY--TOPICAL TERM
Topical term or geographic name entry element Exportaciones
Geographic subdivision América Latina y del Caribe.
9 (RLIN) 37602
942 ## - ADDED ENTRY ELEMENTS (KOHA)
Source of classification or shelving scheme Dewey Decimal Classification
Koha item type Books
Existencias
Withdrawn status Lost status Source of classification or shelving scheme Damaged status Not for loan Home library Current library Shelving location Date acquired Source of acquisition Full call number Barcode Date last seen Copy number Price effective from Koha item type
    Dewey Decimal Classification     Biblioteca Pública José María del Castillo y Rada Biblioteca Pública José María del Castillo y Rada General Stacks 04/15/2018 Donación 330.98048 / N124a 430002194 05/16/2024 Ej.1 03/10/2021 Books